L' amore di un sorriso (1972-73) (Registo nº 201633)

Detalhes MARC
000 -Etiqueta do registo
Valores 00608nam 22001933 4500
100 ## - Dados gerais de processamento
Dados gerais 20260407d u||y0pory50 ba
200 ## - Titulo e menção de responsabilidade
Título próprio L' amore di un sorriso (1972-73)
Primeira menção de responsabilidade Carlo Vittorio Cattaneo
210 ## - Publicação
Local de publicação Roma
Nome do editor Edizioni Abete
Data de publicação [1977]
215 ## - Descrição física 
Paginação / Volumes 50 p.
Outras indicações físicas brochado
Dimensões 27 cm
300 ## - Notas gerais 
Texto da nota Contém dedicatória na folha de guarda
606 ## - Nome comum usado como assunto
ID Autoridade 15
Palavra de ordem Literatura Italiana
610 ## - Termos não controlados
Palavra de ordem Poesia em Língua Italiana
675 ## - CDU
Notação 821.131.1-1
Edição IT
Língua ita
700 ## - Autor principal (pessoa individual)
ID Autoridade 17039
Apelido Cattaneo
Nome Carlo Vittorio
Datas 1941-1996
801 ## - Fonte de origem
País PT
Agência BMMN
Regras de catalogação RPC
830 ## - Notas gerais do catalogador
Criado por Ana Falardo
Indexado por Ana Falardo
990 ## - Elementos KOHA
Tipo de documento Livro
Exemplares
Situação do levantamento Biblioteca de origem Código de barras Cota Permissão de empréstimo Tipo de documento Nota relativa ao exemplar Forma de aquisição
  Biblioteca Municipal de Montemor-o-Novo 30994 821.131-1-1 CAT|SAF   Livro Acesso Condicionado Oferta

Powered by Koha